000 00683nam a22002177a 4500
999 _c16182
_d16182
003 AR-CdUCM
008 190502b ||||| |||| 00| 0 spa d
020 _a9972-764-23-0
040 _aMUNICIPALIDAD PROVINCIAL DEL CUSCO
_cBIBLIOTECA MUNICIPAL DEL CUSCO
082 _aEP / 372.64 /
_bB39
245 _aLa bella durmiente del bosque /
260 _aPerú :
_bNavarrete.
300 _bilustraciones,
_c24 cm.
440 _aCuentos Palacio Encantado.
_934768
650 _aAprendizaje
_92143
650 _aTextos infantiles
_933764
650 _aCuentos infantiles
_93927
710 _aCorporación Gráfica Navarrete.
_933296
942 _2ddc
_cLIBROS
945 _aachl
_d2019-05-02